000 00366pam a2200145a 44500
008 230405s2023 xxu||||| |||| 00| 0 eng d
020 _a9789374734759
_cRs.210
082 _a617
_bSWA
100 _aSwarup,Nupur
245 _aHandbook Of Psychiatric Nursing
260 _aNew Delhi
_bAITBS Publisher
_c2023
300 _a124 p.
502 _atext
906 _a004598
999 _c252609
_d252609